عرض عادي
عرض مارك
- Stamatis, D. H.,
مدخل إسم شخص
001 - رقم الضبط
- حقل الضبط: 4390
003 - معرف رقم الضبط
- حقل الضبط: OSt
005 - تاريخ ووقت أخر عملية
- حقل الضبط: 20110913224408.0
008 - عناصر بيانات ثابتة الطول
- حقل تحكم ثابت الطول: 110913|||a|||||| | ||| d
040 ## - مصدر الفهرسة
- هيئة الفهرسة الأصلية: OSt
- وكالة الكتابة: OSt
100 ## - مدخل -- أسم شخص
- إسم شخص: Stamatis, D. H.,
- تواريخ مرتبطة بالاسم: 1947-
670 ## - بيانات المصدر موجوده
- الاستشهاد بالمصدر: Work cat.: (OSt)0: Stamatis, D. H., 1947-, Six sigma and beyond /, 2001-c2003.
